Kapitoly zo slovenského jazyka učebnica

Uložené v:
Podrobná bibliografia
Hlavný autor: Mlacek, Jozef
Ďalší autori: Tibenská, Eva
Médium: Kniha
Jazyk:Slovak
Vydavateľské údaje: Bratislava Vydavateľstvo EKONÓM 1999
Predmet:
Tagy: Pridať tag
Žiadne tagy, Buďte prvý, kto otaguje tento záznam!

MARC

LEADER 00000nam a2200000 4500
001 c119552
005 20221102132716.8
020 |a 80-225-1056-4 
041 0 |a slo 
044 |a SK 
245 1 0 |a Kapitoly zo slovenského jazyka  |b učebnica  |c Jozef Mlacek, Eva Tibenská 
264 1 |a Bratislava  |b Vydavateľstvo EKONÓM  |c 1999 
300 |a 150 s. 
610 2 0 |a jazykoveda 
610 2 0 |a terminológia 
610 2 0 |a slovenčina 
100 1 |a Mlacek, Jozef 
700 1 |a Tibenská, Eva